La empresa y el espíritu emprendedor de los jóvenes

Guardat en:
Dades bibliogràfiques
Autor corporatiu: Ministerio de Educación y Ciencia (Autor)
Format: Llibre
Idioma:espanyol
Publicat: Madrid Secretaría General Técnica 2005
Col·lecció:Aulas de Verano
Matèries:
Etiquetes: Afegir etiqueta
Sense etiquetes, Sigues el primer a etiquetar aquest registre!

MARC

LEADER 00000nam a2200000 a 4500
001 UCH9561
003 CL-VaPUC
008 100114e20050000SP |||||||||||||||||spa|d
020 |a 8436941314 
082 0 4 |a 338.04  |b MIN  |2 21 
110 2 |a Ministerio de Educación y Ciencia  |e author  |9 546721 
245 1 3 |a La empresa y el espíritu emprendedor de los jóvenes 
300 |a 158 p 
942 |c BK 
945 |d 20100114 00:00:00  |a rbrito 
260 |a Madrid  |b Secretaría General Técnica  |c 2005 
650 0 |a Empresa  |9 350507 
650 7 |a EMPRESARIOS  |2 CL-VaPUC  |9 315086 
650 0 |a Administración de empresas   |9 260833 
583 |a last modification  |c 20100114 00:00:00  |k Rodrigo Vera 
490 0 |a Aulas de Verano 
999 |c 339485  |d 339483 
952 |0 0  |1 0  |4 0  |6 338_040000000000000_MIN_2005  |7 0  |8 A  |9 433167  |a BIBEDU  |b BIBEDU  |d 2019-11-22  |i 4633660  |o 338.04 MIN 2005  |p 4633660  |r 2019-11-22  |w 2019-11-22  |y BK  |k EPE